The 80x86 IBM PC and compatible computers. (Record no. 40305)

MARC details
000 -LEADER
fixed length control field 01598cam a2200337 a 4500
001 - CONTROL NUMBER
control field 13050468
005 - DATE AND TIME OF LATEST TRANSACTION
control field 20030806082251.0
008 - FIXED-LENGTH DATA ELEMENTS--GENERAL INFORMATION
fixed length control field 030107s2003 njua b 001 0 eng
010 ## - LIBRARY OF CONGRESS CONTROL NUMBER
LC control number 2003265331
020 ## - INTERNATIONAL STANDARD BOOK NUMBER
International Standard Book Number 013061775X
040 ## - CATALOGING SOURCE
Original cataloging agency DLC
Transcribing agency DLC
050 00 - LIBRARY OF CONGRESS CALL NUMBER
Classification number QA76.8.I29
Item number M37 2003
100 1# - MAIN ENTRY--PERSONAL NAME
Personal name Mazidi, Muhammad Ali.
245 14 - TITLE STATEMENT
Title The 80x86 IBM PC and compatible computers.
Number of part/section of a work Volumes I & II.
Name of part/section of a work Assembly language, design, and interfacing /
Statement of responsibility, etc Muhammad Ali Mazidi, Janice Gillespie Mazidi.
246 14 - VARYING FORM OF TITLE
Title proper/short title 80x86 IBM PC and compatible computers
246 30 - VARYING FORM OF TITLE
Title proper/short title Assembly language, design, and interfacing
250 ## - EDITION STATEMENT
Edition statement 4th ed.
260 ## - PUBLICATION, DISTRIBUTION, ETC. (IMPRINT)
Place of publication, distribution, etc Upper Saddle River, N.J. :
Name of publisher, distributor, etc Prentice Hall,
Date of publication, distribution, etc c2003.
300 ## - PHYSICAL DESCRIPTION
Extent xxxvii, 984 p. :
Other physical details ill. ;
Dimensions 29 cm.
504 ## - BIBLIOGRAPHY, ETC. NOTE
Bibliography, etc Includes bibliographical references (p. 967) and index.
650 #0 - SUBJECT ADDED ENTRY--TOPICAL TERM
Topical term or geographic name as entry element Intel 80x86 series microprocessors
General subdivision Programming.
650 #0 - SUBJECT ADDED ENTRY--TOPICAL TERM
Topical term or geographic name as entry element IBM microcomputers
General subdivision Programming.
650 #0 - SUBJECT ADDED ENTRY--TOPICAL TERM
Topical term or geographic name as entry element IBM-compatible computers
General subdivision Programming.
650 #0 - SUBJECT ADDED ENTRY--TOPICAL TERM
Topical term or geographic name as entry element Assembler language (Computer program language)
700 1# - ADDED ENTRY--PERSONAL NAME
Personal name Mazidi, Janice Gillispie.
Titles and other words associated with a name joint author
906 ## - LOCAL DATA ELEMENT F, LDF (RLIN)
a 7
b cbc
c origcop
d 2
e ncip
f 20
g y-gencatlg
942 ## - ADDED ENTRY ELEMENTS (KOHA)
Source of classification or shelving scheme Library of Congress Classification
Item type Book
Holdings
Withdrawn status Lost status Source of classification or shelving scheme Damaged status Not for loan Collection code Home library Current library Shelving location Date acquired Source of acquisition Total Checkouts Total Renewals Full call number Barcode Date last borrowed Copy number Price effective from Koha item type Date last seen
    Library of Congress Classification     Non-fiction Bishop Okullu Memorial Library (Limuru Campus) Bishop Okullu Memorial Library (Limuru Campus) General Circulation 07/02/2012 Donation 2 1 QA76.8.I29 M37 2003 030516 02/08/2023 2 07/02/2012 Book 10/08/2023
    Library of Congress Classification     Non-fiction Nairobi Campus Nairobi Campus General Circulation 07/02/2012 Donation 3 1 QA76.8.I29 M37 2003 030515 02/03/2017 1 07/02/2012 Book